[Event "SVK-chT3B2 2324"]
[Site "Slovakia"]
[Date "2023.11.19"]
[Round "4.8"]
[White "Smatana, Viktor"]
[Black "Tomko, David"]
[Result "1-0"]
[WhiteElo "1000"]
[BlackElo "1000"]
[PlyCount "69"]
[EventDate "2023.10.15"]
[EventType "team-tourn"]
[EventRounds "11"]
[EventCountry "SVK"]
[SourceTitle "EXT 2025"]
[Source "ChessBase"]
[SourceDate "2024.10.14"]
[SourceVersion "1"]
[SourceVersionDate "2024.10.14"]
[SourceQuality "1"]
[WhiteTeam "Dubnica nad Vahom V"]
[BlackTeam "Dubnica nad Vahom IV"]
[WhiteTeamCountry "SVK"]
[BlackTeamCountry "SVK"]

1. e4 e5 2. Nf3 Nc6 3. Bc4 h6 4. 0-0 Nf6 5. d3 Bc5 6. h3 0-0 7. Re1 d6 8. Nbd2 Re8 9. Nf1 Be6 10. Bb3 a5 11. a4 Bxb3 12. cxb3 Bb4 13. Bd2 Qd7 14. Ne3 Bxd2 15. Qxd2 d5 16. exd5 Nxd5 17. Nc4 f6 18. Re4 Ndb4 19. Rd1 Red8 20. d4 exd4 21. Nxd4 Nxd4 22. Rxd4 Qxd4 23. Qxd4 Rxd4 24. Rxd4 b6 25. Ne3 Na6 26. Nd5 Kf7 27. Nxc7 Nxc7 28. Rd7+ Ke6 29. Rxc7 Kd6 30. Rxg7 Rc8 31. Rg6 Rc1+ 32. Kh2 Rb1 33. Rxf6+ Kc5 34. Rf5+ Kb4 35. Rb5# 1-0